| 000 | 00640nam a2200181 i 4500 | ||
|---|---|---|---|
| 001 | 141602 | ||
| 003 | ES-MaACL | ||
| 005 | 20230906200328.0 | ||
| 007 | t| | ||
| 008 | 070925s1901 xxk |||| | eng d | ||
| 100 | 1 |
_aVilliers, Jean Etienne Reenen. _9115261 |
|
| 245 | 1 | 4 |
_aThe history of the legislation concerning real and personal property in England during the reign of Queen Victoria / _cJ.E.R. de Villiers. |
| 260 |
_aLondon : _bClay, _c1901. |
||
| 300 |
_aXIX, 234 p. ; _c19 cm. |
||
| 650 | 4 |
_aPropiedad- _zGran Bretaña. _9153386 |
|
| 651 | 4 |
_aGran Bretaña- _xHistoria- _y1837-1901, Victoria. _9144250 |
|
| 852 |
_aES-MaACL _jC-1027 |
||
| 999 |
_c141602 _d141602 |
||